| 000 | 02664nam0a2200409 4500 | ||
|---|---|---|---|
| 001 | RU\NLR\bibl\1499679 | ||
| 005 | 20260405212202.0 | ||
| 010 |
_a978-5-94611-053-2 _9100 |
||
| 021 |
_aRU _b2010-14668 _9977 |
||
| 035 | _a(nilc)RSL-KNO-004590197 | ||
| 035 | _a(NLR Aleph) 001491144 | ||
| 090 |
_a1764072 _c1764072 |
||
| 100 | _a20100304d2008 |||y0rusy50 ca | ||
| 101 | 0 | _arus | |
| 102 | _aRU | ||
| 105 | _aa zzzz||||| | ||
| 200 | 1 |
_aИнформационно-аналитические и методические материалы для подготовки к единому государственному экзамену по предметам естественно-математического цикла _fВьюн В. А., Яковлева Л. С., Котванова М. К. _gДепартамент образования и науки Ханты-Манс. авт. окр. - Югры, Бюджетное учреждение доп. проф. образования Ханты-Манс. авт. окр.- Югры "Ин-т развития образования" |
|
| 210 |
_aХанты-Мансийск _cИн-т развития образования _d2008 |
||
| 215 |
_a128 с. _cил., табл. _d21 |
||
| 320 | _aБиблиогр. в конце разд. | ||
| 606 | 1 |
_aЕстественные науки _xЕдиный государственный экзамен _92482918 _3RU\NLR\auth\661473790 |
|
| 606 | 1 |
_aМатематика _xЕдиный государственный экзамен _92285105 _3RU\NLR\auth\661368852 |
|
| 610 | 0 | _aКультура. Наука. Просвещение -- Народное образование. Педагогические науки -- Общеобразовательная школа. Школьная педагогика -- Российская Федерация -- Методика преподавания отдельных учебных предметов -- Естественные и точные науки -- Дидактика -- Проверка и оценка знаний -- Экзамены | |
| 686 |
_aЧ426.02,6(2)-285,0 _2rubbk |
||
| 686 | _aЧ426.23-285 | ||
| 686 | _aЧ426.24-285 | ||
| 700 | 1 |
_aВьюн _bВ. А. _gВладимир Алексеевич _4070 |
|
| 701 | 1 |
_4070 _7ca _8rus _aЯковлева _bЛ. С. _cметодист _gЛюдмила Сергеевна _978220 _3RU\NLR\auth\7795294 |
|
| 701 | 1 |
_aКотванова _bМ. К. _4070 |
|
| 801 | 0 |
_aRU _bRuMoRGB _c20100304 _grcr |
|
| 801 | 1 |
_aRU _bRuMoRGB _c20100304 |
|
| 801 | 2 |
_aRU _bNLR _c20100415 _grcr |
|
| 942 | _cBOOK | ||
| 980 | _aNB | ||
| 980 | _aNBR | ||